Library Banner

Business statistics : (Record no. 112412)

MARC details
000 -LEADER
fixed length control field 00526nam a22001697a 4500
005 - DATE AND TIME OF LATEST TRANSACTION
control field 20190509092808.0
008 - FIXED-LENGTH DATA ELEMENTS--GENERAL INFORMATION
fixed length control field 190509b ||||| |||| 00| 0 eng d
020 ## - INTERNATIONAL STANDARD BOOK NUMBER
International Standard Book Number 9780170369473
040 ## - CATALOGING SOURCE
Transcribing agency PK-LaUMT
082 ## - DEWEY DECIMAL CLASSIFICATION NUMBER
Edition number 7th ed.
Classification number 519.5071
Item number SEL-B
100 ## - MAIN ENTRY--PERSONAL NAME
Personal name Selvanathan, Eliyathamby A.
245 ## - TITLE STATEMENT
Title Business statistics :
Remainder of title abridged /
Statement of responsibility, etc by Eliyathamby A. Selvanathan, Saroja Selfanathan and Gerald Keller
250 ## - EDITION STATEMENT
Edition statement 7th ed.
260 ## - PUBLICATION, DISTRIBUTION, ETC. (IMPRINT)
Place of publication, distribution, etc Victoria :
Name of publisher, distributor, etc Cengage Learning Australia,
Date of publication, distribution, etc 2017
300 ## - PHYSICAL DESCRIPTION
Extent 865 p.
942 ## - ADDED ENTRY ELEMENTS (KOHA)
Koha item type Books
Holdings
Withdrawn status Lost status Damaged status Home library Current library Date acquired Full call number Barcode Date last seen Price effective from Koha item type
      UMT Main Campus UMT Main Campus 2019-05-09 519.5071 SEL-B 129868 2021-11-25 2019-05-09 Books